01360nab a22002297a 4500999001500000003000400015005001700019008004100036040000700077100003200084245013400116260007200250300001300322500003900335505039400374505008900768650002600857650004200883650004900925773014300974942001301117 c5909d5909OSt20260110015839.0190605e xxu||||| |||| 00| 0 spa d cPJ 95248aLezcano, Juan Manuel 10aMultinacionalidad, multiculturalimo y zonas de frontera. Desafíos del derecho internacional del trabajo /cJuan Manuel Lezcano. aCiudad Autónoma de Buenos Aires :bThomson Reuters La Ley,c2023. ap. 51-56 aCita: TR LALEY AR/DOC/2535/2023.  aSumario: I. Introducción.— II. El derecho laboral internacional.— III. Caso de multinacionalidad: "Espinosa, Gustavo Carlos c/ Marítima Maruba SA (antes Maruba SCA) y otros s/ despido" (segunda instancia).— IV. Migración, multiculturalimos y zona de frontera.— V. Análisis normativo.— VI. Análisis del art. 3° de la LCT.— VII. Conclusiones.— VIII. Bibliografía.  t¿Te interesa el texto completo? Solicitalo al correo: koha@justierradelfuego.gov.ar 091316aDERECHO LABORAL 091354aCONVENIOS COLECTIVOS DE TRABAJO 094925aORGANIZACION INTERNACIONAL DEL TRABAJO0 0271193168dCiudad Autónoma de Buenos Aires : Thomson Reuters La Ley, 1999-2002.tRevista de derecho del trabajo. Nº 6 - Noviembre 2023 2udccANA